Statistics for Biggest and Least Guessed Countries by Rank

Click here to take the quiz!

General Stats

  • This quiz has been taken 215 times
  • The average score is 11 of 21

Answer Stats

Rank Country % Correct
133Chad
78%
142.5Mali
76%
165.5Mauritania
69%
148.5Angola
69%
147.5Namibia
67%
152Mozambique
64%
140Botswana
63%
152Central African Republic
62%
143Zambia
62%
144Tanzania
62%
140South Sudan
60%
131Turkmenistan
57%
147Cameroon
53%
131Tajikistan
49%
136Kyrgyzstan
47%
148.5Gabon
41%
149Burkina Faso
40%
131Myanmar
36%
132Malawi
35%
132Senegal
34%
133Benin
21%

Score Distribution

Percentile by Number Answered

Percent of People with Each Score

Your Score History

You have not taken this quiz